00964nam a2200265 a 450000100060000000300090000600800410001501500080005602000180006404000280008204100080011008200160011810000460013424500650018026000460024530000440029149000560033550400570039159600060044865000270045492600500048194200120053199900170054395201380056026055CO-ViMGA141112s2004 ck r 000 u spa d aNNN a9788471125262 aCO-ViMGAbspacCO-ViMGA aspa04a371.24 G45v1 aGimeno Sacristán, José 1947 - 94066710aEl valor del tiempo en educación José Gimeno Sacristán aMadrid, cEspaña Ediciones Morata 2008. a179 p. ilustraciones, gráficas 24 cm. aColección Pedagogía (Ediciones Morata) Manuales aIncluye referencias bibliográficas (p. 175 - 178). a214aJornada escolar940668 aB - GENERAL COL - GRAL - 3 371.24 G45 LIBRO 1 2ddccBK c33282d33282 01102ddc44708003aMEVIECARbMEVIECARd2015-12-04h12/nov/2014l0o371.24 G45v p27441r2015-12-04 00:00:00tEj. 1w2015-12-04yBK